[Event "23rd European Women Club Cup 2018"]
[Site "Halkidiki"]
[Date "2018.10.15"]
[Round "4"]
[White "Mihevc-Mohr, Narcisa"]
[Black "Balaian, Alina"]
[Result "1-0"]
[WhiteElo "1983"]
[BlackElo "2238"]
[Annotator "TA"]
[PlyCount "53"]
[EventDate "2018.10.12"]
[EventType "team-tourn"]
[EventCountry "GRE"]
[SourceTitle "playchess.com"]
[Source "ChessBase"]
[SourceQuality "1"]
[WhiteTeam "Maribor"]
[BlackTeam "SSHOR"]

{[%evp 22,53,27,-4,71,37,37,41,65,71,174,72,180,128,136,128,145,154,278,265,794,793,783,782,754,745,29988,29989,29989,29990,29991,29992,29994,29992]} 1. e4 e6 2. d4 d5 3. Nd2 Nf6 4. e5 Nfd7 5. Bd3 c5 6. c3 Nc6 7. Ngf3 Be7 8. O-O g5 9. dxc5 g4 10. Nd4 {C06: French Tarrasch: 3...Nf6 4 e5 Nfd7 5 Bd3 main lines} Ndxe5 11. Bb5 Bd7 12. f4 {LiveBook: 6 Games. White has an edge.} (12. N2b3 h5 13. Re1 Nxd4 14. Nxd4 Bxb5 15. Rxe5 Bd7 16. Qe2 Qc8 17. b4 f6 18. Rxe6 Bxe6 19. Nxe6 {0-1 (32) Kanmazalp,O (2481)-Baryshpolets,A (2603) Ankara 2018}) 12... Ng6 (12... Nxd4 $11 {keeps the balance.} 13. Bxd7+ Qxd7 14. cxd4 Nc6) 13. Bxc6 bxc6 14. b4 Qc8 $146 ({Predecessor:} 14... f5 15. Qe2 Kf7 16. N2b3 Qc8 17. c4 Re8 18. cxd5 exd5 {0-1 (50) Guo,A (2165)-Panchanatham,V (2431) Philadelphia 2018}) 15. N2b3 f6 (15... O-O $16) 16. Qe2 (16. Qxg4 $18 {is more deadly. And now f5 would win.} e5 17. f5 exd4 18. cxd4 (18. Nxd4 Qc7 $11)) 16... e5 (16... f5 $16 {is a better defense.}) 17. fxe5 (17. f5 $18) 17... fxe5 $16 18. Bh6 {Black must now prevent Bg7.} exd4 19. Nxd4 Qc7 {[#]} (19... Kd8 $16) 20. Bg5 $1 $18 ({Not} 20. Bg7 O-O-O $16) 20... Kd8 $2 (20... Qe5 21. Qxe5 Nxe5) 21. Bxe7+ Nxe7 22. Rf7 Re8 23. Re1 Bc8 {[#]} 24. Rxe7 $1 {[%mdl 512] White mates.} Rxe7 {[#]} (24... Qxe7 25. Nxc6+) 25. Nxc6+ $1 {[%mdl 512]} Kd7 (25... Qxc6 26. Qxe7#) 26. Nxe7 Bb7 {[#]} 27. c6+ $1 {Precision: White = 47%, Black =  7%.} 1-0

[Event "23rd European Women Club Cup 2018"]
[Site "Halkidiki"]
[Date "2018.10.15"]
[Round "4"]
[White "Guerini, Silvia jr"]
[Black "Mammadova, Gulnar"]
[Result "0-1"]
[WhiteElo "1977"]
[BlackElo "2355"]
[Annotator "TA"]
[PlyCount "54"]
[EventDate "2018.10.12"]
[EventType "team-tourn"]
[EventCountry "GRE"]
[SourceTitle "playchess.com"]
[Source "ChessBase"]
[SourceQuality "1"]
[WhiteTeam "Banca Alpi Marittime"]
[BlackTeam "Odlar Yurdu"]

{[%evp 13,54,13,54,6,61,13,64,53,62,32,62,23,60,0,26,-8,-16,-43,12,18,25,-99,-103,-114,0,-43,0,-149,-118,-256,-135,-174,-207,-678,-662,-780,-768,-998,-910,-1002,-982,-1819,-1791]} 1. e4 g6 2. d4 Bg7 3. Nc3 d6 4. Be3 c6 5. Qd2 Nd7 6. f3 b5 7. g4 Nb6 8. b3 {B06: Modern Defence} (8. h4 h5 9. gxh5 Rxh5 10. Bd3 e5 11. dxe5 Bxe5 12. f4 Rxh4 13. fxe5 Rxh1 14. O-O-O dxe5 15. Qg2 Qh4 16. Bxb5 {0-1 (24) Aaron,D (2321)-Bachmann,A (2633) Arlington 2015}) 8... Qc7 $146 (8... h5 $11) ({Predecessor:} 8... h5 9. g5 e6 10. f4 Ne7 11. Nf3 O-O 12. Bg2 b4 13. Ne2 a5 14. O-O Ba6 15. Rfe1 Bxe2 16. Rxe2 {0-1 (45) Ermolaev,E (2289)-Looshnikov,N (2488) Izhevsk 2014}) 9. h4 {[%cal Bh2h4,Bh4h5][%mdl 32]} h6 (9... h5 $1 $11) 10. h5 {White is slightly better.} g5 $1 11. Nge2 b4 12. Nd1 $1 a5 13. Ng3 (13. Nf2 $14) 13... e6 14. Be2 Ne7 15. f4 gxf4 (15... d5 $15) 16. Bxf4 $11 c5 17. Be3 (17. c3 $1 $11 {keeps the balance.}) 17... d5 $36 {[%mdl 2048] Black is on the roll.} 18. Rh3 Nc6 (18... Bb7 $17 19. c3 Nd7) 19. Bb5 Bd7 {[%cal Rc6d4]} 20. Bxc6 (20. dxc5 $11 Bxa1 21. cxb6) 20... Bxc6 $17 ({But not} 20... Qxc6 21. Rc1 $15) 21. Nf2 {[#]} (21. Bf4 $17 Qa7 22. Be5 Bxe5 23. dxe5) 21... O-O-O ({Better is} 21... dxe4 $1 $19 22. Bf4 e3 23. Bxe3 O-O-O) 22. Bf4 e5 23. dxe5 $2 (23. Bxe5 Bxe5 24. dxe5) 23... dxe4 $19 {Black is clearly winning.} 24. Qe2 Nd5 25. Bxh6 Bxh6 26. Nfxe4 Nf4 27. Qc4 Qxe5 {Precision: White = 17%, Black = 27%.} 0-1

[Event "23rd European Women Club Cup 2018"]
[Site "Halkidiki"]
[Date "2018.10.15"]
[Round "4"]
[White "Buzukashvili, Sofia"]
[Black "Nechaeva, Marina"]
[Result "0-1"]
[WhiteElo "1936"]
[BlackElo "2409"]
[Annotator "TA"]
[PlyCount "74"]
[EventDate "2018.10.12"]
[EventType "team-tourn"]
[EventCountry "GRE"]
[SourceTitle "playchess.com"]
[Source "ChessBase"]
[SourceQuality "1"]
[WhiteTeam "Beer Sheva"]
[BlackTeam "Ugra"]

{[%evp 15,74,0,-1,-5,-21,-10,-12,-10,-9,-58,-42,-52,-26,-121,-69,-142,-134,-153,-153,-149,-145,-154,-134,-166,-140,-198,-190,-187,-197,-318,-314,-310,-266,-322,-322,-329,-322,-326,-325,-265,-218,-490,-504,-935,-917,-947,-772,-1812,-1856,-29989,-29977,-29975,-29974,-29994,-29995,-29996,-29997,-29997,-29998,-29998,-29999]} 1. Nf3 d5 2. e3 Nf6 3. c4 c6 4. b3 Bg4 5. h3 Bxf3 6. Qxf3 e6 7. Bb2 Nbd7 {[%cal Bb8d7,Bd7e5,Be5d3][%mdl 32]} 8. Nc3 {A12: English Opening: 1...c6 with b3 by White} Bd6 {LiveBook: 13 Games} (8... Bb4 9. Qd1 O-O 10. Be2 e5 11. cxd5 cxd5 12. O-O a6 13. a3 Bd6 14. b4 Re8 15. Rc1 Nf8 {1-0 (42) Korobov,A (2652)-Andreikin,D (2712) Huaian 2017}) 9. Bd3 $146 ({Predecessor:} 9. g4 O-O 10. Bg2 a5 11. g5 Ne8 12. h4 a4 13. Nxa4 dxc4 14. O-O Be5 15. Bxe5 Nxe5 {½-½ (48) Jumabayev,R (2606)-Maghsoodloo,P (2393) Hamedan 2018}) 9... Ne5 10. Qe2 {The position is equal.} Nxd3+ 11. Qxd3 O-O 12. g4 Nd7 13. Qe2 Qe7 $36 {[%mdl 2048] Black fights for an advantage.} 14. a3 (14. f4 $11 {remains equal.}) 14... a6 (14... f5 $17 15. Kd1 f4) 15. h4 (15. d4 $15) 15... b5 $17 16. cxb5 axb5 {[%cal Rd6a3]} 17. b4 e5 18. d3 Rfe8 19. Rc1 Nb6 20. g5 {[#]} (20. f3 $17 {might work better.}) 20... e4 $1 $19 {[%cal Re4d3]} 21. dxe4 dxe4 22. Nxb5 (22. Nb1 {is a better defense.}) 22... cxb5 23. Qxb5 Nd7 {[%cal Bb6d7,Bd7e5,Be5c4][%mdl 32]} 24. Qd5 Be5 25. Bxe5 Nxe5 26. Qxe4 Rxa3 27. O-O g6 28. Rb1 $2 {[#]} (28. Rfd1) 28... Qd7 29. Qg2 (29. Kg2 $142 Nd3 30. Qf3) 29... Qf5 30. f4 Nc4 31. e4 Rxe4 32. Rfe1 Rxe1+ {Black mates.} 33. Rxe1 Qxf4 34. Qe4 Qg3+ 35. Kh1 Qh3+ 36. Kg1 Rg3+ 37. Kf2 Qh2+ {Precision: White = 27%, Black = 72%.} 0-1

[Event "23rd European Women Club Cup 2018"]
[Site "Halkidiki"]
[Date "2018.10.15"]
[Round "4"]
[White "Lagogianni, Niki Vasiliki"]
[Black "Gaponenko, Inna"]
[Result "0-1"]
[WhiteElo "1152"]
[BlackElo "2409"]
[Annotator "TA"]
[PlyCount "70"]
[EventDate "2018.10.12"]
[EventType "team-tourn"]
[EventCountry "GRE"]
[SourceTitle "playchess.com"]
[Source "ChessBase"]
[SourceQuality "1"]
[WhiteTeam "Thessaloniki"]
[BlackTeam "Kyiv"]

{[%evp 9,70,27,31,0,0,-42,0,0,-12,-19,-20,-33,0,-64,-77,-75,-77,-81,-62,-68,-56,-86,-81,-73,-68,-95,-85,-120,-89,-116,-85,-133,-124,-166,-159,-159,-164,-194,-197,-247,-214,-367,-362,-345,-297,-286,-268,-250,-260,-267,-255,-261,-181,-419,-414,-542,-514,-740,-720,-837,-842,-789,-675]} 1. e4 g6 2. d4 Bg7 3. f4 d6 4. Nf3 c5 5. c3 Nf6 6. Qd3 {B06: Modern Defence} (6. dxc5 O-O 7. e5 dxe5 8. Qxd8 Rxd8 9. Nxe5 Nbd7 10. Nd3 e5 11. fxe5 Nxe5 12. Nxe5 Re8 13. Bf4 {½-½ (50) Bromann,T (2450)-Hamark,J (2352) Sweden 2015}) 6... O-O 7. dxc5 dxc5 8. Qxd8 {The position is equal.} Rxd8 9. e5 Nd5 10. Bc4 $146 ({Predecessor:} 10. g3 f6 11. exf6 exf6 12. Kf2 Nc6 {½-½ (21) Alfaro Murillo,C (2168)-Alvarez Hernandez,T San Jose 2012}) 10... Nb6 11. Na3 ({White should try} 11. Be2 $11) 11... Nxc4 $15 12. Nxc4 Nc6 13. O-O Bf5 {aiming for ...Bd3.} 14. Ne3 Bd3 15. Rf2 f6 16. exf6 exf6 17. Ne1 Be4 18. N1c2 Rd3 19. Rd2 Rad8 20. Re2 f5 21. Kf2 b5 22. Ne1 R3d7 $36 {[%mdl 2048] Black is on the roll.} 23. N3c2 b4 24. cxb4 cxb4 ({Resist} 24... Nxb4 25. Nxb4 cxb4 26. Be3 $17) 25. a3 $2 {[#]} (25. Nf3) 25... b3 $19 26. Ne3 Nd4 27. Rd2 Rc7 28. Nd1 Rdc8 29. Nc3 Bb7 30. Rd1 Ne6 {[%cal Bd4e6,Be6c5,Bc5a4][%mdl 32]} 31. Ne2 $2 (31. Nb5 Re7 32. Be3) 31... Nc5 32. Ng3 Na4 {Black is clearly winning.} 33. Rb1 {[#]} Rc2+ $1 {[%mdl 512]} 34. Nxc2 bxc2 ({Not} 34... Rxc2+ 35. Ne2 $17) 35. Be3 cxb1=Q {Precision: White = 33%, Black = 58%.} 0-1

[Event "23rd European Women Club Cup 2018"]
[Site "Halkidiki"]
[Date "2018.10.16"]
[Round "5"]
[White "Muzychuk, Anna"]
[Black "Bodnaruk, Anastasia"]
[Result "1/2-1/2"]
[WhiteElo "2555"]
[BlackElo "2423"]
[Annotator "TA"]
[PlyCount "175"]
[EventDate "2018.10.12"]
[EventType "team-tourn"]
[EventCountry "GRE"]
[SourceTitle "playchess.com"]
[Source "ChessBase"]
[SourceQuality "1"]
[WhiteTeam "Monte-Carlo"]
[BlackTeam "SSHOR"]

{[%evp 25,175,30,31,29,40,33,36,35,41,33,41,37,49,43,54,36,46,37,36,35,73,75,76,58,58,58,68,66,89,83,85,77,91,40,45,58,78,76,77,73,77,76,74,34,74,76,118,96,102,100,120,118,101,8,5,-8,0,0,0,0,8,8,8,8,29,28,20,8,15,14,14,15,53,49,51,19,58,31,58,31,20,0,0,0,58,58,62,62,62,62,62,62,62,58,58,58,58,58,58,58,58,58,58,58,58,58,58,58,58,58,58,58,58,58,58,58,58,58,58,58,58,58,58,58,62,58,65,58,58,58,58,58,62,58,62,58,62,58,58,58,58,58,58,58,65,65,65,65,69,69,69,69]} 1. e4 c5 2. Nf3 d6 3. Bb5+ Bd7 4. Bxd7+ Qxd7 5. c4 Nf6 6. Nc3 g6 7. d4 cxd4 8. Nxd4 Bg7 9. f3 O-O 10. Be3 Nc6 11. O-O Rfc8 12. b3 Qd8 13. Qd2 Qa5 {LiveBook: 35 Games} 14. Rad1 {B52: Sicilian: Moscow Variation with 3...Bd7} (14. Rfd1 a6 15. a4 Nd7 16. Rab1 Rab8 17. Bf2 Kf8 18. Nde2 h5 19. Be3 Kg8 20. Nd5 Qxd2 21. Rxd2 Kf8 {1-0 (81) Onischuk,A (2662)-Mikhalevski,V (2536) Berlin 2015}) (14. Rac1 Nd7 15. Rfd1 Nxd4 16. Bxd4 Bxd4+ 17. Qxd4 Qc5 18. Nd5 Qxd4+ 19. Rxd4 Kf8 20. Rdd1 a5 21. Nc3 Rc6 {½-½ (40) Muzychuk,A (2563)-Bodnaruk,A (2456) Tbilisi 2018}) 14... a6 15. Nxc6 Rxc6 16. Nd5 Qxd2 17. Rxd2 Re8 18. a4 $146 ({Predecessor:} 18. Nxf6+ Bxf6 19. a4 Bc3 20. Rd5 Kg7 21. Kf2 f6 22. f4 Bb4 23. g4 h6 24. h4 Rec8 25. Rfd1 Bc5 {½-½ (25) Vecek,M (2160)-Meissner,R (2218) ICCF email 2010}) 18... Nd7 19. a5 Nc5 20. Rb1 $1 f5 21. exf5 gxf5 22. Bd4 e5 23. Be3 e4 24. fxe4 Nxe4 25. Rd3 Nc5 26. Rdd1 $1 Re4 27. Bf2 Re6 28. Rf1 Ne4 29. Rbd1 (29. Be1 $16) 29... Nxf2 $14 30. Rxf2 Re5 31. Rxf5 Rxf5 32. Ne7+ Kf7 33. Nxf5 $16 {[%mdl 4096] Endgame KRB-KRN} Be5 34. Rd5 h5 35. Kf2 Kf6 36. Ng3 h4 37. Ne4+ Kf5 38. Kf3 b6 39. b4 (39. h3 $16) 39... Ke6 $11 40. Ng5+ Kf6 41. axb6 Rxb6 42. c5 Rb5 $132 {[%mdl 2048] Black is not keeping still} 43. Ne4+ Ke6 44. Rd3 {[%cal Rc5d6]} dxc5 45. Nxc5+ Kf7 46. Rd7+ Kg6 47. Nxa6 {White wants to play h3.} Bxh2 48. Rd4 Bg3 49. Nc5 Rb8 50. Nd3 Rb5 51. Ke4 Kf6 52. Rd8 Rg5 53. Rc8 Bd6 54. Rc2 Bxb4 (54... Rg4+ $11 55. Ke3 Bxb4) 55. Rf2+ $14 {White is slightly better.} Kg7 56. Nxb4 {[#] aiming for Nd5. KRN-KR} Rg4+ 57. Rf4 $1 {[%cal Rf4g4]} Rxg2 58. Rxh4 Re2+ 59. Kd5 Kf6 60. Nd3 Ra2 61. Rf4+ Kg5 62. Rf1 Ra5+ 63. Ke4 Ra4+ 64. Ke3 Ra3 65. Rf8 Kg4 66. Kd4 Ra4+ 67. Kd5 Ra5+ 68. Nc5 Kg3 69. Kd4 Kg4 70. Rf1 Ra8 71. Ne6 Kg3 72. Ke4 Ra4+ 73. Nd4 Kg2 74. Rf8 Ra7 75. Nc2 Re7+ 76. Kd3 Kg3 77. Ne3 {[#] Threatens to win with Nf5+.} Rd7+ 78. Ke2 Re7 79. Rf6 Re8 80. Rf7 Re6 81. Kd3 Rd6+ 82. Ke4 {Nf5+ would kill now.} Re6+ 83. Kd4 $1 Rd6+ 84. Ke5 Rd8 85. Nf5+ Kf3 86. Nd4+ Ke3 87. Rf3+ Kd2 88. Rh3 {Precision: White = 59%, Black = 63%.} 1/2-1/2

[Event "23rd European Women Club Cup 2018"]
[Site "Halkidiki"]
[Date "2018.10.16"]
[Round "5"]
[White "Muzychuk, Mariya"]
[Black "Dzagnidze, Nana"]
[Result "1/2-1/2"]
[WhiteElo "2533"]
[BlackElo "2509"]
[Annotator "TA"]
[PlyCount "79"]
[EventDate "2018.10.12"]
[EventType "team-tourn"]
[EventCountry "GRE"]
[SourceTitle "playchess.com"]
[Source "ChessBase"]
[SourceQuality "1"]
[WhiteTeam "Kyiv"]
[BlackTeam "Nona"]

{[%evp 16,79,45,32,47,26,44,35,37,36,69,33,36,31,29,32,31,29,33,22,22,22,18,21,26,0,0,0,0,-43,-33,-44,-42,-64,-50,-40,-22,-55,-8,-7,-5,-6,-4,-6,0,0,0,0,0,0,0,0,0,0,0,0,0,0,8,8,8,0,0,0,8,0]} 1. e4 c5 2. Nf3 d6 3. d4 cxd4 4. Nxd4 Nf6 5. Nc3 a6 6. h3 b5 7. Nd5 Bb7 {B90: Sicilian Najdorf: Unusual White 6th moves, 6 Be3 Ng4 and 6 Be3 e5} 8. Nxf6+ gxf6 9. c4 {LiveBook: 3 Games} e5 {White is slightly better.} 10. Ne2 f5 $146 ({Predecessor:} 10... Bxe4 11. Nc3 Bb7 12. cxb5 d5 13. Qb3 a5 14. b6 Bc6 15. Bb5 {½-½ (56) Yegiazarian,A (2498)-Petrosian,T (2592) Yerevan 2007}) 11. Nc3 fxe4 12. Be3 d5 13. Nxd5 Bxd5 14. cxd5 Bb4+ 15. Bd2 Qa5 16. Bxb4 Qxb4+ 17. Qd2 Qxd2+ 18. Kxd2 Nd7 19. Ke3 Ke7 20. g4 Nf6 21. d6+ Kxd6 22. g5 Nd5+ 23. Kxe4 {[#]} f5+ $1 {[%mdl 512]} 24. gxf6 $1 (24. Kxf5 Raf8+) 24... Nxf6+ 25. Kd3 e4+ 26. Kd4 Rac8 27. a4 {The position is equal.} Rhd8 28. axb5 Ke6+ 29. Ke3 Ke5 30. bxa6 Nd5+ 31. Ke2 {[#] Black must now prevent Rg1.} Nb4 32. Bg2 {Hoping for Rhe1.} Rc2+ 33. Kf1 {Threatens to win with Kg1.} Rdd2 34. Kg1 Rxf2 35. Rh2 {And now a7 would win.} Nxa6 $1 36. Rxa6 e3 37. Ra5+ Kf6 (37... Kf4 $5 38. Ra4+ $8 Kg5 39. h4+ Kf6 40. Ra6+ Ke5 41. Ra5+ Kf6 $14) 38. Ra6+ Ke5 39. Ra5+ Kf6 {( -> ...Rc1+)} (39... Kf4 $5 40. Ra4+ $8 Kg5 $14) 40. Ra6+ {Precision: White = 59%, Black = 59%.} 1/2-1/2

[Event "23rd European Women Club Cup 2018"]
[Site "Halkidiki"]
[Date "2018.10.16"]
[Round "5"]
[White "Paehtz, Elisabeth"]
[Black "Mamedjarova, Zeinab"]
[Result "1-0"]
[WhiteElo "2513"]
[BlackElo "2358"]
[Annotator "TA"]
[PlyCount "117"]
[EventDate "2018.10.12"]
[EventType "team-tourn"]
[EventCountry "GRE"]
[SourceTitle "playchess.com"]
[Source "ChessBase"]
[SourceQuality "1"]
[WhiteTeam "Pentole Agnelli"]
[BlackTeam "Odlar Yurdu"]

{[%evp 25,117,14,16,16,15,10,19,13,23,18,25,25,25,25,26,26,16,10,11,14,39,32,32,32,36,48,45,31,30,33,32,43,63,60,107,104,126,126,113,109,126,126,126,126,127,127,127,92,90,87,79,8,88,81,151,150,341,341,341,340,337,330,323,288,458,426,472,410,1342,1339,1251,1214,1176,1126,1085,1124,1016,985,1711,1548,29970,29971,29973,29969,29978,29979,29979,29980,29979,29980,29988,29989,29989,29990]} 1. c4 c6 2. d4 d5 3. cxd5 cxd5 4. Bf4 Nf6 5. Nc3 e6 6. e3 Be7 7. Bd3 O-O 8. h3 a6 9. Nf3 b5 10. Rc1 Bb7 11. O-O Nc6 12. Ne5 Rc8 13. Qe2 Nxe5 14. Bxe5 {D13: Slav Defence: Exchange variation without ...Bf5} Nd7 15. Bg3 ({Of course not} 15. Qh5 g6 $17) 15... Nb6 16. Nb1 {[%cal Bc3b1,Bb1d2,Bd2b3,Bb3c1,Bc1d3][%mdl 32] The position is equal.} Qd7 17. Nd2 Rxc1 18. Rxc1 {[#] Rc7 is the strong threat.} Rc8 19. Nb3 $146 ({Predecessor:} 19. Rf1 Nc4 20. Nf3 Nd6 21. Bxd6 Bxd6 {1-0 (61) Ristovic,N (2294)-Stanford,M (2254) Richmond 2002}) 19... Rxc1+ 20. Nxc1 Qc8 21. Qc2 Qxc2 22. Bxc2 h6 23. Nd3 Nc4 24. Bc7 Kf8 25. b3 Bd6 26. bxc4 Bxc7 $14 {[%mdl 4096] Endgame KBB-KBN} 27. Nc5 Bc8 28. cxd5 exd5 29. Bb3 Be6 30. Nxa6 Bd6 {[#]} 31. Kf1 $1 Ke7 32. Ke2 h5 33. Kd3 g5 34. Kc3 Bh2 35. Nb4 Kd6 36. Bd1 Bg1 37. Nd3 h4 38. Bg4 (38. Bh5 $16) 38... f5 (38... Bxg4 $1 $11 {keeps the balance.} 39. hxg4 Kc7) 39. Be2 g4 ({Black should try} 39... f4) 40. Kd2 $16 b4 $2 (40... gxh3 $16 {was worth a try.} 41. gxh3 f4) 41. f4 $18 gxf3 42. gxf3 ({Not} 42. Bxf3 Bf7 $16) 42... f4 43. Nxf4 Bd7 {If only Black now had time for ...Bh2....} 44. Bf1 Bh2 (44... Ba4 {might work better.} 45. Nd3 Bb5) 45. Nd3 Bb5 46. Bg2 Bxd3 (46... b3 $142 47. axb3 Bd7) 47. Kxd3 {KB-KB} Bg3 48. Bf1 Ke6 49. Be2 Kd6 50. Bd1 Bh2 51. Bb3 Bg3 52. e4 dxe4+ 53. fxe4 {[%cal Bf3e4,Be4e5][%mdl 32] White mates.} Kc6 54. e5 Kb5 55. Ke4 Kc6 56. d5+ {[%cal Bd4d5,Bd5d6][%mdl 32]} Kd7 57. d6 Kc6 58. Ba4+ Kb6 59. Kd5 {Precision: White = 76%, Black = 39%.} 1-0

[Event "23rd European Women Club Cup 2018"]
[Site "Halkidiki"]
[Date "2018.10.16"]
[Round "5"]
[White "Batsiashvili, Nino"]
[Black "Zhukova, Natalia"]
[Result "1/2-1/2"]
[WhiteElo "2482"]
[BlackElo "2403"]
[Annotator "TA"]
[PlyCount "60"]
[EventDate "2018.10.12"]
[EventType "team-tourn"]
[EventCountry "GRE"]
[SourceTitle "playchess.com"]
[Source "ChessBase"]
[SourceQuality "1"]
[WhiteTeam "Nona"]
[BlackTeam "Kyiv"]

{[%evp 13,60,31,34,25,24,26,6,0,26,26,150,152,162,76,70,77,88,49,121,78,90,37,81,95,103,89,80,0,0,-35,-7,-6,-6,-6,-4,-9,-9,-5,-7,-9,0,-4,0,0,0,0,0,0,0]} 1. d4 Nf6 2. c4 c5 3. d5 b5 4. cxb5 a6 5. bxa6 e6 6. Nc3 {A58: Benko/Volga Gambit: Lines with 5 bxa6} exd5 7. Nxd5 Be7 {LiveBook: 4 Games} 8. Nf3 {White is slightly better.} (8. e3 O-O 9. Ne2 Nxd5 10. Qxd5 Rxa6 11. Nc3 Rd6 12. Qf3 Nc6 13. Be2 Bb7 {½-½ (27) Nakamura,H (2787)-Dubov,D (2701) Moscow 2018}) 8... O-O 9. e4 $146 ({Predecessor:} 9. g3 Nxd5 10. Qxd5 Nc6 11. Bg2 Bxa6 12. O-O Bxe2 13. Re1 Bb5 {½-½ (34) Flasinski,M (2218)-Feuerstack,A (2438) Katowice 2017}) 9... Nxe4 10. Be2 (10. Bf4 {with more complications.} Nxa6 11. Bc4 Bd6 12. O-O Bxf4 13. Nxf4 Nf6 14. Qd6) 10... Bxa6 11. O-O Re8 {[#]} (11... Nf6 $11 {keeps the balance.}) 12. Re1 $1 $16 {Threatens to win with Bxa6.} Nf6 13. Bf4 (13. Ng5 $18 {is more deadly.} h6 14. Nxf7 Bxe2 15. Nxd8 (15. Qxe2 Kxf7 16. Qc4 Kf8 $17) 15... Bxd1 16. Nxe7+ Kh7 17. Nb7 (17. Rxd1 Rxe7 18. Nb7 Na6 $16)) 13... Nxd5 14. Qxd5 Nc6 15. Bxa6 Rxa6 (15... Nb4 $1 $14 16. Qd2 Nxa6) 16. Rad1 Bf6 17. Rxe8+ ({Much weaker is} 17. Qxc5 Rxa2 18. b4 Ra4 $14) 17... Qxe8 18. Re1 {[%cal Re1e8]} Qc8 19. Qxc5 {aiming for b4.} Bxb2 {[%cal Bf6b2,Bb2a3,Ba3c5][%mdl 32] [#]} 20. Ng5 ({White should try} 20. Qc2 $1 $16 Bf6 21. Bg5) 20... h6 $11 21. Ne4 {Hoping for Nd6.} (21. Nxf7 {is interesting.} Kxf7 22. Qd5+ Kg6 23. Qd3+ Kf6 24. Qd6+) 21... Ba3 22. Qc4 {The position is equal.} Ne7 23. Qxc8+ Nxc8 24. Nc3 {Re8+ is the strong threat.} Nb6 25. Rb1 Bc5 26. Be3 d6 27. Kf1 Nc4 28. Rb8+ Kh7 29. Bxc5 dxc5 30. Rc8 Ra3 {Precision: White = 50%, Black = 54%.} 1/2-1/2

[Event "23rd European Women Club Cup 2018"]
[Site "Halkidiki"]
[Date "2018.10.16"]
[Round "5"]
[White "Girya, Olga"]
[Black "Haussernot, Cecile"]
[Result "0-1"]
[WhiteElo "2479"]
[BlackElo "2204"]
[Annotator "TA"]
[PlyCount "56"]
[EventDate "2018.10.12"]
[EventType "team-tourn"]
[EventCountry "GRE"]
[SourceTitle "playchess.com"]
[Source "ChessBase"]
[SourceQuality "1"]
[WhiteTeam "Ugra"]
[BlackTeam "Mulhouse"]

{[%evp 14,56,27,24,45,37,43,47,54,19,80,51,45,42,44,49,205,205,197,86,62,36,47,50,54,41,40,53,497,50,64,58,44,-647,-639,-658,-576,-556,-534,-1069,-1069,-1063,-1056,-1127,-1112]} 1. d4 d5 2. c4 c6 3. Nf3 Nf6 4. e3 Bf5 5. Nc3 e6 6. Nh4 Bg6 7. Nxg6 hxg6 8. g3 {LiveBook: 280 Games. D12: Slav Defence: 3 Nf3 Nf6 4 e3 Bf5} (8. h3 Nbd7 9. Bd3 Bd6 10. O-O Qe7 11. e4 dxe4 12. Bxe4 O-O 13. Bg5 Qd8 14. Re1 Qc7 15. Qf3 Bb4 {1-0 (38) Kramnik,V (2808)-Giri,A (2771) Leuven 2017}) 8... dxc4 9. Bxc4 Nbd7 10. O-O {White is slightly better.} Qa5 11. a3 $146 ({Predecessor:} 11. e4 Rd8 12. Be2 Nb6 13. Be3 Bb4 14. Qc2 O-O 15. a3 Bxc3 16. bxc3 {1-0 (35) Voloshin,L (2427)-Odehnal,J (2100) Tabor 2012}) 11... O-O-O (11... Qf5 $11 {keeps the balance.}) 12. b4 Qf5 (12... Bxb4 $2 13. axb4 Qxa1 14. Qc2 $18) 13. f3 Bd6 {[#] ...Rxh2! is the strong threat.} 14. Ra2 Bxg3 $2 (14... Bc7 $14) 15. hxg3 $18 Ne5 16. Qe2 (16. g4 $18 {and the rest is easy.} Qg5 17. f4 Qxg4+ 18. Qxg4 Nexg4 19. Kg2) 16... Rh3 $16 {Strongly threatening ...Rdh8.} ({Don't go for} 16... Nxc4 $2 17. g4 $18 (17. Qxc4 Rh3 $16)) 17. dxe5 Qxe5 18. Qe1 Rdh8 $1 19. Rg2 Qf5 $1 {[#] ( -> ...Ng4)} 20. Kf2 Rh2 $2 {[%mdl 8192]} (20... Ng4+ $1 $14 21. Ke2 Rh2) 21. Rfg1 $2 (21. Rxh2 {gets mated.} Rxh2+ 22. Kg1 Qh3 23. Bxe6+ fxe6 24. Qe2 Qxg3+ 25. Qg2 Qxg2#) (21. Qd2 $18) 21... Ng4+ $1 $14 {[%cal Bf6g4,Bg4e5,Be5c4][%mdl 32]} 22. Ke2 $1 Ne5 23. Qf2 $2 {[%mdl 8192]} (23. Qf1 $14 Qc2+ 24. Bd2 Nxc4 25. Qc1) 23... Qc2+ $19 {Black is clearly winning.} 24. Bd2 Nxc4 25. Ne4 Rxg2 26. Qxg2 {If only White now had time for Rc1....} Rd8 {[%cal Rd8d2]} 27. Rd1 f5 {[%cal Bf7f5,Bf5e4][%mdl 32]} 28. Ke1 fxe4 {Precision: White = 32%, Black = 50%.} 0-1